|
|
|
|
| LEADER |
00000naa2a2200000 4500 |
| 001 |
263734 |
| 005 |
20240125092243.0 |
| 035 |
|
|
|a (RuTPU)RU\TPU\book\286723
|
| 035 |
|
|
|a RU\TPU\book\181177
|
| 090 |
|
|
|a 263734
|
| 100 |
|
|
|a 20140611d2012 k y0rusy50 ca
|
| 101 |
0 |
|
|a rus
|
| 102 |
|
|
|a RU
|
| 200 |
1 |
|
|a Физиологические основы координации парных действий спортсменов (на примере бальных танцев)
|f Ю. П. Бредихина, Л. В. Капилевич
|
| 320 |
|
|
|a Библиогр.: с. 234-235 (3 назв.)
|
| 463 |
|
1 |
|0 (RuTPU)RU\TPU\book\269455
|t Физическая культура и спорт на современном этапе: проблемы, поиски, решения
|o материалы межрегиональной научно-практической конференции, Томск, 14 декабря 2012 г.
|f Национальный исследовательский Томский политехнический университет (ТПУ), Факультет физической культуры ; Томская область, Департамент по молодежной политике, физической культуре и спорту ; Физическая культура и спорт на современном этапе: проблемы, поиски, решения
|v С. 231-235
|d 2012
|p 381 с.
|
| 700 |
|
1 |
|a Бредихина
|b Ю. П.
|c специалист в области физической культуры и спорта
|c доцент Томского политехнического университета, кандидат медицинских наук
|f 1983-
|g Юлия Петровна
|3 (RuTPU)RU\TPU\pers\32394
|9 16345
|
| 701 |
|
1 |
|a Капилевич
|b Л. В.
|c специалист в области физической культуры и спорта
|c профессор Томского политехнического университета, доктор медицинских наук
|f 1963-
|g Леонид Владимирович
|3 (RuTPU)RU\TPU\pers\24823
|9 11028
|
| 801 |
|
1 |
|a RU
|b 63413507
|c 20091010
|
| 801 |
|
2 |
|a RU
|b 63413507
|c 20140611
|g RCR
|
| 942 |
|
|
|c BK
|